Dream Theater Discography - Statistics

General Stats
  • This quiz has been taken 52 times
  • The average score is 12 of 16
Answer Stats
Hint Answer % Correct
1992 Images and Words
92%
1999 Metropolis Pt. 2: Scenes from a Memory
90%
1994 Awake
87%
2005 Octavarium
85%
2003 Train of Thought
82%
2002 Six Degrees of Inner Turbulence
79%
2025 Parasomnia
77%
2007 Systematic Chaos
77%
2016 The Astonishing
74%
2009 Black Clouds & Silver Linings
72%
2013 Dream Theater
72%
1997 Falling Into Infinity
72%
1989 When Dream and Day Unite
67%
2021 A View From the Top of the World
62%
2011 A Dramatic Turn of Events
56%
2019 Distance Over Time
56%
No matching quizzes found
Score Distribution
Percent of People with Each Score
Percentile by Number Answered
Your Score History
You have not taken this quiz